| 000 | 00000nam##2200000za#4500 |
| 001 | 9.569338 |
| 003 | CaOODSP |
| 005 | 20210624181724 |
| 007 | cr ||||||||||| |
| 008 | 150406|1993||||xxc|||||o f|0| 0 eng|d |
| 040 | |aCaOODSP|beng |
| 043 | |an-cn--- |
| 086 | 1 |aNH18-1-2/17-2-1993E-PDF |
| 110 | 2 |aCanada Mortgage and Housing Corporation. |
| 245 | 10|aMoisture and frost in fiberglass insulation (second report) / |h[electronic resource]|cby Robert W. Besant and Yong-Xin Tao. |
| 260 | |aOttawa - Ontario : |bCanada Mortgage and Housing Corporation |cApril 1993. |
| 300 | |a47p.|bfigs., graphs, references, tables |
| 490 | 1 |aResearch report |
| 590 | |a12-27-Supp|b2012-06-12 |
| 720 | 1 |aBesant, Robert W. |
| 720 | 1 |aTao, Yong-Xin |
| 830 | #0|aResearch report (Canada Mortgage and Housing Corporation : Online)|w(CaOODSP)9.506068 |
| 856 | 40|ahttp://publications.gc.ca|qPDF|s821 KB|uhttps://publications.gc.ca/collections/collection_2011/schl-cmhc/nh18-1-2/NH18-1-2-17-2-1993-eng.pdf |